000 01132nam a22003257a 4500
003 CHAP
005 20220329135701.0
008 971013s r 00010 d
010 _a40527
011 _a41499
035 _a45625
040 _cCHAP
090 _aFolleto 7036
110 _aENA. Colegio de Postgraduados. Chapingo, Méx. Rama de Divulgación
_936683
245 _aCómo cosechar más maíz de temporal por hectárea ; en la región de Texcoco
260 _aChapingo, Méx. :
_bENA,
_c(s.a.)
300 _as.p.
_b: ilus.
590 _aBATCH-UPD
_b10
_c20130110
_lUCH01
_h1033
590 _aBATCH-UPD
_b10
_c20130410
_lUCH01
_h0635
590 _aBATCH-UPD
_b10
_c20130913
_lUCH01
_h2145
590 _aCONVERSION
_b10
_c20130109
_lUCH01
_h1322
650 1 4 _aAgricultura de temporal.
_91999
650 1 4 _aMaíz
_xRendimiento.
_971051
650 1 4 _aMaíz
_zMéxico (Edo.).
_971099
901 _aBK
942 _cFOLL
949 _aFolleto 7036
_bBC
_cFOLL
_d-104195
_eTS1
_i45625
_mD
_si
949 _aFolleto 7036
_bBC
_cFOLL
_d-104197
_eTS2
_fc.3
_i45625
_mD
_si
949 _aFolleto 7036
_bBC
_cUACH
_d-104196
_eUACH
_fc.2
_i45625
_mD
_si
999 _c40527
_d40527